000 01040cam a2200277 4500
001 ##L135059
008 060921n2006 000 0 eng u
020 _a1845922646
035 _a(Sirsi) u135059
041 0 _aeng
050 0 4 _a346.41068 $2 18
110 2 _aSmith and Williamson
_9579
245 0 0 _aProfessional practices handbook
250 _a5th ed.
260 _aHaywards Heath
_bTottel Publishing
_c2006
300 _axxvi, 616p.
_c24cm.
350 _a68
520 _aOffers guidance to those establishing or joining a professional practice. Issues covered include standard partnership agreements, liabilities, limited liability partnerships, profit shares, marketing, accounting, insurance, taxation and retirement planning.
520 _aPreviously called Tolley's professional partnership handbook
520 _aSupersedes fourth edition (ISBN 0754512002)
590 _aIKA031006
651 4 _aUnited Kingdom
_y
690 _aMANAGEMENT-BUSINESS MANAGEMENT
710 2 _aAllen and Overy
_91481
942 _n0
999 _c105896
_d105896